Größte Städte am Main - Statistiken

Allgemein
  • Dieses Quiz wurde 200 mal gespielt
  • Das Durchschnittsergebnis liegt bei 10 aus 20
Antwortstatistiken
Einwohner # Stadt % Korrekt
763.380 HE Frankfurt am Main
100%
278.474 HE Wiesbaden
96%
127.934 BY Würzburg
92%
71.002 BY Aschaffenburg
91%
130.280 HE Offenbach am Main
89%
96.492 HE Hanau
80%
77.373 BY Bamberg
76%
53.426 BY Schweinfurt
71%
65.881 HE Rüsselsheim am Main
61%
39.553 HE Maintal
34%
22.832 BW Wertheim
33%
28.652 HE Mühlheim am Main
23%
21.267 HE Seligenstadt
22%
21.940 BY Kitzingen
21%
25.866 BY Kulmbach
20%
17.945 HE Hochheim am Main
19%
21.659 HE Flörsheim am Main
18%
27.674 HE Hattersheim am Main
18%
17.029 HE Kelsterbach
18%
20.142 BY Lichtenfels
12%
Keine übereinstimmenden Quizze gefunden
Verteilung der Resultate
Anzahl Personen mit jedem Resultat
Perzentil nach korrekt beantworteten Fragen
Ihre Resultats-Entwicklung
Sie haben dieses Quiz noch nicht gespielt